000 00820nam a2200289Ia 4500
001 Z_1016
003 CHAP
008 220113s1985 xx 000 0 und d
010 _a164096
040 _cCHAP
082 _a338.9 M5
100 _aMiragen, Samuel
_9138172
245 _aGuía para la elaboración de proyectos de desarrollo agropecuario /
_cpor Samuel Miragen [y otros]
260 _aSan José, C. R. :
_bIICA,
_c1985
300 _a382 p
440 _aSerie de desarrollo institucional; 14
_9138173
500 _a
503 _aC/E
650 _aAgricultura
_xPlaneación
_9137222
650 _aDesarrollo rural I. Instituto Interamericano de Cooperación para la Agricultura II.t.
_9138174
901 _a338.9 M5
902 _aA
910 _a1985
942 _c1
942 _cc1
999 _c164096
_d164096